000 00678nam a2200217Ia 4500
001 5443
003 GE_BSU
008 181216s||||||||xx |||||||||||||| ||und||
040 _cGE_BSU
080 _a37.01(075.8
100 _aДодон, Л.Л.
245 _aЗадания по педагогике.
245 _bПособие для учащихся педагогич. училищ. и студентов педагог фак-ов.
245 _cРед. Д.Ф. Тарасов
260 _aМоска
260 _bПросвещение
260 _c1968
300 _a222с 20 см.
653 _aЗадания по педагогике.
942 _cBK
999 _c38981
_d38981